Missioni archaeologiche italiane : la ricerca archeologica, antropologica, etnologica.

محفوظ في:

مؤلف مشترك: Italy. Direzione generale delle relazioni culturali.

التنسيق: كتاب

اللغة: Italian

منشور في: Roma : ["L'Erma" di Bretschneider], c1997.

الموضوعات:

الوسوم: إضافة وسم

لا توجد وسوم, كن أول من يضع وسما على هذه التسجيلة!

رقم الطلب: CC97 .I8 M57 1997

LEADER 00972namaa2200289 4500
001 22068
003 OSt
005 20251030074245.0
008 130303s1997 it ab b 000 0 ita d
010 |a 99183802 
020 |a 8882650022 
040 |c ARCE Library 
043 |a e-it--- 
050 4 |a CC97 .I8 M57 1997 
245 0 0 |a Missioni archaeologiche italiane :  |b la ricerca archeologica, antropologica, etnologica. 
264 1 |a Roma :  |b ["L'Erma" di Bretschneider],  |c c1997. 
300 |a 393 pages :  |b illustrations (some color), maps ;  |c 28 cm. 
500 |a At head of title: Ministero degli affari esteri, Direzione generale delle relazioni culturali. 
504 |a Includes bibliographical references. 
555 |a Sara.lib 
650 0 |a Archaeology  |x Research  |z Italy. 
650 0 |a Excavations (Archaeology) 
650 0 |a Antiquities. 
710 1 |a Italy.  |b Direzione generale delle relazioni culturali. 
901 |a reviewed 
942 |c BK  |2 lcc 
999 |c 20674  |d 20674